2019-2020 Liverpool F.C. Goalscorers - Statistics

General Stats
  • This quiz has been taken 177 times
  • The average score is 14 of 19
Answer Stats
Goal Player % Correct
23 Mohamed Salah
100%
22 Sadio Mané
98%
12 Roberto Firmino
97%
Trent Alexander-Arnold
94%
5 Virgil van Dijk
94%
3 Andrew Robertson
93%
Jordan Henderson
93%
Joël Matip
82%
6 Divock Origi
81%
4 James Milner
77%
2 Fabinho
76%
Georginio Wijnaldum
74%
Naby Keïta
62%
8 Alex Oxlade-Chamberlain
61%
Xherdan Shaqiri
58%
Dejan Lovren
57%
Curtis Jones
53%
1 Adam Lallana
47%
Ki-Jana Hoever
5%
No matching quizzes found
Score Distribution
Percent of People with Each Score
Percentile by Number Answered
Your Score History
You have not taken this quiz